Stranger Things Trivia - Easy - Statistics

General Stats
  • This quiz has been taken 1,498 times
  • The average score is 12 of 14
Answer Stats
Quesiton Answer % Correct
Who is her older, aggressive stepbrother? Billy Hargrove
97%
Which character joins the group in Season 2 and is known as the "Zoomer" of the party? Max Mayfield
96%
What is the name of the D&D club led by Eddie Munson? The Hellfire Club
95%
What is the name of Lucas Sinclair's younger sister? Erica Sinclair
92%
What song by Kate Bush saves the above from Vecna? Running Up That Hill
92%
In Season 2, the boys dress up as characters from which 1984 movie for Halloween? Ghostbusters
91%
Which character famously works at the Family Video store with Steve? Robin Buckley
89%
What is the name of Dustin’s girlfriend, whom he meets at Camp Know Where? Suzie Bingham
87%
What is the name of the shopping mall that serves as the main setting for Season 3? Starcourt Mall
85%
What is the name of the ice cream shop where Steve Harrington works? Scoops Ahoy
80%
What is the full name of "Papa" who experimented on Eleven? Dr. Martin Brenner
75%
What is the name of the secret government facility where Eleven was raised? Hawkins National Laboratory
65%
What is the name of the journalist / conspiracy theorist hired by the parents of Barb to find her? Murray Bauman
64%
What is the name of the Russian scientist kidnapped by Hopper and Joyce? Alexei
63%
No matching quizzes found
Score Distribution
Percent of People with Each Score
Percentile by Number Answered
Your Score History
You have not taken this quiz